| 000 | 00653nam a22001937a 4500 | ||
|---|---|---|---|
| 003 | GBCCL | ||
| 005 | 20251202144852.0 | ||
| 008 | 251202b |||||||| |||| 00| 0 eng d | ||
| 020 | _a0802474411 | ||
| 040 | _cGBC | ||
| 082 |
_a225.52044 _bRYR 1 |
||
| 100 |
_aRyrie, Charles Caldwell, _d1925-2016 |
||
| 245 |
_aThe Ryrie study Bible : _bNew Testament with introductions, annotations, outlines, marginal references, subject index, harmony of the gospels / _cCharles Caldwell Ryrie |
||
| 250 | _aNew American Standard version | ||
| 260 |
_aChicago : _bMoody press, _c1976 |
||
| 300 | _a498p. ; | ||
| 650 |
_aBible _vNew Testament |
||
| 942 |
_2ddc _cREF _n0 |
||
| 999 |
_c11085 _d11085 |
||